| 000 | 01355cam a22003974a 4500 | ||
|---|---|---|---|
| 001 | 15024195 | ||
| 003 | OSt | ||
| 005 | 20140310181707.0 | ||
| 008 | 070927s2001 ph a b 001 0beng | ||
| 010 | _a 2007322601 | ||
| 020 | _a9716300905 (hard) | ||
| 020 | _a9716300913 (pbk.) | ||
| 035 | _a(OCoLC)ocm50557349 | ||
| 040 |
_aJNA _cJNA _dOCLCQ _dDLC |
||
| 042 |
_alccopycat _alcode |
||
| 043 | _aa-ph--- | ||
| 050 | 0 | 0 |
_aDS 675.8 _b.V468 2001 |
| 082 |
_aFIL 920.959 _bB64v 2001 |
||
| 100 | 1 | _aVentura, Sylvia Mendez. | |
| 245 | 1 | 0 |
_aSupremo : _bthe story of Andres Bonifacio / _cby Sylvia Mendez Ventura ; drawings by Egai Fernandez. |
| 250 | _a1st ed. | ||
| 260 |
_aManila : _bTahanan Books for Young Readers : _bDistributed in the Philippines by Bookmark, _cc2001. |
||
| 300 |
_a175 p. : _bcol. ill. ; _c27 cm. |
||
| 504 | _aIncludes bibliographical references (p. [165]-169) and index. | ||
| 521 | _a | ||
| 541 | _j1 | ||
| 562 | _e1 | ||
| 600 | 1 | 0 |
_aBonifacio, Andres, _d1863-1897. |
| 650 | 0 |
_aRevolutionaries _zPhilippines _vBiography. |
|
| 651 | 0 |
_aPhilippines _xPolitics and government _y1896-1898. |
|
| 651 | 0 |
_aPhilippines _xHistory _yRevolution, 1896-1898. |
|
| 700 | 1 |
_aFernandez, Egai, _d1955- |
|
| 906 |
_a7 _bcbc _ccopycat _d3 _encip _f20 _gy-gencatlg |
||
| 942 |
_2lcc _cBK-FIL _kFIL |
||
| 999 |
_c1401 _d1401 |
||